From molecules to crystallizers : an introduction to Crystallization /

Salvato in:
Dettagli Bibliografici
Autori principali: Davey, Roger (Autore), Garside, John (Autore)
Natura: Libro
Lingua:inglese
Pubblicazione: Oxford University press 2000
Serie:Oxford chemistry primers
Soggetti:
Tags: Aggiungi Tag
Nessun Tag, puoi essere il primo ad aggiungerne!!

MARC

LEADER 00000nam a22000003a 4500
001 0102594
003 SK-STU
005 20230613104037.0
007 ta
008 230613s ----xo-----e------000-0-----d
020 |a 0-19-850489-6 
040 |a STU  |b slo 
041 0 |a eng 
044 |a xxk 
100 1 |a Davey, Roger  |4 aut 
245 1 0 |a From molecules to crystallizers :  |b an introduction to Crystallization /  |c aut. Roger Davey, John Garside 
260 |a Oxford  |b University press  |c 2000 
300 |a 81 s. 
490 0 |a Oxford chemistry primers 
650 0 7 |a Kryštalizácia 
700 1 |a Garside, John  |4 aut 
996 |b 284M089373  |c M* 14775-1  |l MMST  |s A  |a 24  |w 0102594_0001